Hermeneumática : artículos y conferencias /

Compilación de artículos y conferencias sobre le hermeneumática, voz que -explica el autor- significa la automatización del proceso de interpretación y nombra a un quehacer filológico cuyo objetivo final es la automatización de todo el proceso de interpretación crítica de los textos. Como advierte J...

وصف كامل

محفوظ في:
التفاصيل البيبلوغرافية
المؤلف الرئيسي: Cunchillos, Jesús-Luis (autor)
التنسيق: كتاب
اللغة:الإسبانية
منشور في: Madrid, España : Consejo Superior de Investigaciones Científicas, 2000, c2000
سلاسل:(Banco de Datos Filológicos Semíticos Noroccidentales. Monografías ; 5)
الموضوعات:
الوسوم: إضافة وسم
لا توجد وسوم, كن أول من يضع وسما على هذه التسجيلة!

MARC

LEADER 00000nam^a2200000^a^4500
001 000117602
005 20250521000000.0
009 20260310094211.9
020 |a 84-00-07989-0 
037 |a Acervo ITESO - Biblioteca 
041 |a ESP 
082 |a 121. 68  |b HER 
100 |a Cunchillos, Jesús-Luis  |e (autor) 
245 1 0 |a Hermeneumática :  |b artículos y conferencias /  |c J.L. Cunchillos. 
264 4 |a Madrid, España :  |b Consejo Superior de Investigaciones Científicas,  |c 2000, c2000 
300 |a XIV, 391 p. 
336 |a texto  |b txt  |2 rdacontenido 
337 |a sin mediación  |b n  |2 rdamedio 
338 |a volumen  |b nc  |2 rdasoporte 
440 1 |a (Banco de Datos Filológicos Semíticos Noroccidentales.  |p Monografías ;  |v 5) 
520 |a Compilación de artículos y conferencias sobre le hermeneumática, voz que -explica el autor- significa la automatización del proceso de interpretación y nombra a un quehacer filológico cuyo objetivo final es la automatización de todo el proceso de interpretación crítica de los textos. Como advierte Jesús-Luis Cunchillas, el desarrollo teórico de la hermeneumática se reducía -hasta el momento de esta publicación- a tres o cuatro ideas y por ende, son frecuentes en la obra presente los textos relativos a su aplicación, principalmente en el estudio de las lenguas y textos semíticos. 
649 |a XX 
650 |a Hermenéutica 
650 |a Hermenéutica 
650 |a Automatización 
650 |a Informática 
650 |a Lenguas Semíticas 
650 |a Lenguas Hamitosemíticas 
650 |a Lenguas Orientales 
650 |a Lenguaje y Lenguas 
650 |a Filología 
910 |a Fondo General 
920 |a Impresos - Libros 
930 |a Colección General 
905 |a 101 
901 |a 0500052562  |b IT1  |c ACC  |u 20250521 
902 |a https://opac.biblio.iteso.mx/vufind/Record/000117602